| 000 | 00431nam a22001697a 4500 | ||
|---|---|---|---|
| 003 | NUST - PNEC | ||
| 005 | 20170116180839.0 | ||
| 008 | 150817b xxu||||| |||| 00| 0 eng d | ||
| 020 | _a0201558661 | ||
| 040 | _cLIBRARY | ||
| 082 | _a629.836 AST | ||
| 100 |
_911576 _aAstrom, Karl J. |
||
| 245 |
_aAdaptive control _c(Karl Johan) Åström |
||
| 250 | _a2nd ed | ||
| 650 |
_95229 _aAdaptive control systems _xME |
||
| 942 |
_2ddc _cBK |
||
| 999 |
_c64337 _d64337 |
||